ՀՀ Գիտությունների ազգային ակադեմիայի հիմնարար գիտական գրադարան  =   Fundamental Scientific Library of NAS RA

Автоматизированное управление процессом обработки резанием / (Record no. 281092)

MARC details
000 -LEADER
fixed length control field 00891nam a2200217 u 4500
001 - CONTROL NUMBER
control field 000764052
003 - CONTROL NUMBER IDENTIFIER
control field AM-YeHGA
005 - DATE AND TIME OF LATEST TRANSACTION
control field 20250617143747.0
008 - FIXED-LENGTH DATA ELEMENTS--GENERAL INFORMATION
fixed length control field 101008s1980 ||||||||||||||||||||rus|c
040 ## - CATALOGING SOURCE
Original cataloging agency AM-YeHGA
041 0# - LANGUAGE CODE
Language code of text/sound track or separate title rus
090 ## - LOCALLY ASSIGNED LC-TYPE CALL NUMBER (OCLC); LOCAL CALL NUMBER (RLIN)
-- 282748
100 1# - MAIN ENTRY--PERSONAL NAME
Personal name Медведев, Дмитрий Дмитриевич
245 10 - TITLE STATEMENT
Title Автоматизированное управление процессом обработки резанием /
Statement of responsibility, etc. Д.Д. Медведев ; Ред. А.А. Степанова.
260 ## - PUBLICATION, DISTRIBUTION, ETC.
Place of publication, distribution, etc. Москва :
Name of publisher, distributor, etc. Машиностроение,
Date of publication, distribution, etc. 1980.
300 ## - PHYSICAL DESCRIPTION
Extent 143 с. :
Other physical details ил., табл. ;
Dimensions 22 см.
500 ## - GENERAL NOTE
General note Прилож.: с. 137-141
504 ## - BIBLIOGRAPHY, ETC. NOTE
Bibliography, etc. note Список лит. : с. 142
650 14 - SUBJECT ADDED ENTRY--TOPICAL TERM
Topical term or geographic name entry element Резание металлов
General subdivision автоматизированное управление
700 1# - ADDED ENTRY--PERSONAL NAME
Personal name Степанова, А.А
Relator term ред.
Relationship edt
Holdings
Withdrawn status Lost status Damaged status Not for loan Collection Home library Current library Date acquired Total checkouts Full call number Barcode Date last seen Price effective from Koha item type Public note
        General Fundamental Scientific Library Fundamental Scientific Library 29/12/2016   PII/445577 FL0354102 29/12/2016 29/12/2016 Գրքեր / Books 30 Days Loan


ՀՀ ԳԱԱ հիմնարար գիտական գրադարան
ՀՀ,Երևան 0019
Մարշալ Բաղրամյան 24/6
հեռախոս:(374-10) 52-47-50
Հետադարձ կապ

All site content, except where otherwise noted, is licensed under a
Creative Commons License